000 00970nam a22002531a 4500
005 20110718133350.0
008 091005s1992 001 0 eng d
020 _c0.00
040 _aNEGST Library - Kenya
050 4 _aBS 325.D36 1992
082 0 _aBS 325.D36 1992
100 1 _aInternational Bible Society.
245 1 0 _aNao -se 'o go atanna "piu : -a 'seedhe.
260 _aAbidjan :
_bSociete Biblique Interna,
_c1992.
300 _avi, 824 p. : ill.
500 _a"Le Nouveau Testament en dan 'gweetaawu (yacouba) de Cote d'Ivoire." - T.p. verso. Cover title: Nao -se 'seedhe. Includes maps. [Africana]
600 1 0 _aBible - Dan Gweetaawu (Yacouba)
600 1 0 _aDan language - Texts.
600 1 0 _aBible. N.T. Dan. 1992.
600 1 0 _aBible. N.T. Dan Gweetaawu (Yacouba). 199.
700 1 _aAssociation Ivoirienne pour la Traductio.
852 _912.00
852 _920.00
999 _c40830
_d40830